¿Guerra nuclear en Europa? La actitud de un General del Bundeswehr
Guardado en:
| Hovedforfatter: | |
|---|---|
| Format: | Texto |
| Udgivet: |
Helsinki:
CMP. Centro de Información
|
| Fag: | |
| Tags: |
Tilføj Tag
Ingen Tags, Vær først til at tagge denne postø!
|
MARC
| LEADER | 00000 a a2200000 04500 | ||
|---|---|---|---|
| 001 | 13908 | ||
| 003 | |||
| 040 | |a CRAI/IIS |c CRAI/IIS | ||
| 090 | |a 017300 | ||
| 100 | |a Bastian, Gert | ||
| 245 | |a ¿Guerra nuclear en Europa? La actitud de un General del Bundeswehr | ||
| 260 | |a Helsinki: |b CMP. Centro de Información | ||
| 300 | |a 27 ps. | ||
| 650 | |a ARMAMENTISMO | ||
| 650 | |a ARMAS NUCLEARES | ||
| 650 | |a DESARME | ||
| 650 | |a PAZ | ||
| 650 | |a MANTENIMIENTO DE LA PAZ | ||
| 650 | |a COEXISTENCIA PACIFICA | ||
| 999 | |c 3881 |d 3881 | ||
